Pyongyang - Choix multiples - Statistiques

Statistiques générales
  • Ce quiz a été pris 3 783 fois
    3 746 depuis la dernière actualisation
  • Le résultat moyen est 6 sur 10
Statistiques - réponses
Question Réponse % Correct
Durant quelle guerre Pyongyang fut-elle quasiment rasée ? Guerre de Corée
73%
Lequel de ces monuments se trouve à Pyongyang ?
71%
Quelle est la particularité du stade du Premier Mai ? C'est l'un des plus grands du monde.
63%
À quelle heure une musique est-elle quotidiennement diffusée dans toute la ville ? 6 heures
59%
Quel fleuve traverse la ville ? Taedong
58%
Quelle est la fonction actuelle de ce bâtiment ? Mausolée de Kim Il-Sung
57%
Quel événement Pyongyang a-t-elle accueilli en mars 2018 pour envoyer un signal d'apaisement avec son voisin du Sud ? Un grand concert de K-Pop
55%
De quoi a été accusé l'américain Otto Warmbier lors de son voyage à Pyongyang ? D'avoir essayé de voler une affiche de propagande
53%
Quel nom était historiquement celui de Pyongyang ? Ryugyong
41%
Dans quel domaine cinématographique des studios de Pyongyang travaillent-ils souvent pour des productions étrangères ? Animation
40%
Aucun quiz correspondant
Distribution des résultats
% des personnes avec chaque résultat
Percentile par nombre de réponses
Votre historique - résultats
Vous n’avez pas pris ce quiz depuis la dernière actualisation